| 000 | 01244cam a2200265 4500 | ||
|---|---|---|---|
| 001 | ABS64345 | ||
| 008 | 010904n2001 000 0 eng u | ||
| 035 | _a(Sirsi) u114430 | ||
| 245 | _aTown centre management: boosting private sector input | ||
| 260 | _c2001 | ||
| 490 |
_aUrban Environment Today _v(128) 16 August 2001, 10-11(2) |
||
| 520 | _aReport on membership schemes offered by town centre management initiatives which are seeking to attract small businesses. This is part of the initiatives' attempts to attract the private sector into town centre management in the wake of government plans to set up Business Improvement Districts. Town centre management initiatives were set up in the 1980s to encourage the business community and private sector to work together in revitalising local retail and regeneration of traditional commercial centres. | ||
| 590 | _aABS | ||
| 650 | _aTOWN CENTRES | ||
| 650 | _aTOWN CENTRE MANAGEMENT | ||
| 650 | _aBUSINESS IMPROVEMENT DISTRICTS | ||
| 650 | _aPRIVATE SECTOR | ||
| 650 | _aRETAIL INVESTMENT | ||
| 650 | _aCOMMERCIAL CENTRES | ||
| 650 | _aBURTON ON TRENT | ||
| 650 | _aINVERNESS | ||
| 650 | _aBOLTON | ||
| 690 | _aPROPERTY-COMMERCIAL PROPERTY-RETAIL PROPERTY | ||
| 942 | _n0 | ||
| 999 |
_c68155 _d68155 |
||